| 000 | 00730cab a2200229 4500 | ||
|---|---|---|---|
| 001 | ABS50842 | ||
| 008 | 090401t1994 xxu||||| |||| 00| 0 eng d | ||
| 035 | _a(Sirsi) u69780 | ||
| 041 | _aeng | ||
| 100 | _aSkinner, C. | ||
| 245 | _aOrders and law | ||
| 260 | _c1994 | ||
| 350 | _a0 | ||
| 490 |
_aLocal Government Chronicle _v10 June 1994, 14(1) |
||
| 520 | _aExplains how Great Yarmouth used compulsory purchase orders to good effect in redevelopment of derelict land. | ||
| 650 | _aCOMPULSORY PURCHASE ORDERS | ||
| 650 | _aDERELICT LAND | ||
| 650 | _aGREAT YARMOUTH | ||
| 690 | _aENVIRONMENTAL AND LAND CONSULTANCY-PLANNING AND DEVELOPMENT-COMPULSORY PURCHASE AND COMPENSATION | ||
| 942 | _n0 | ||
| 948 | _c04/03/1997 | ||
| 999 |
_c43867 _d43867 |
||